Serbia-Country quiz 2 - Statistics

General Stats
  • This quiz has been taken 344 times
    343 since last reset
  • The average score is 12 of 20
Answer Stats
Hint Answer % Correct
North border Hungary
85%
Year of NATO bombing 1999
84%
West border Bosnia and Herzegovina
84%
Serbia officially uses Latinic and Cyrillic
82%
East border Romania
82%
South border Macedonia
81%
Part of Serbia in Central Europe Vojvodina
77%
By the way of the(river) Danube
75%
Its capital Novi sad
69%
Fruit drink Rakia
67%
Almost all of Serbia's rivers drain to the(sea) Black sea
63%
Year of the First Balkan War 1912
57%
Internet TLD .rs
52%
First Serbian uprising was led by Karađorđe Petrović
51%
Roman name for Belgrade Singidunum
49%
Second Serbian uprising was led by Miloš Obrenović
48%
Year of the above 1878
29%
The formal independence of the country(from Ottoman empire) was internationally recognized at the Congress of Berlin
25%
Name of its plain Pannonian Plain
23%
The Serbian Kingdom obtained recognition by Rome and Constantinople in 1217
9%
No matching quizzes found
Score Distribution
Percent of People with Each Score
Percentile by Number Answered
Your Score History
You have not taken this quiz since the last reset